[Event "Hasselbacken Open 2019"]
[Site "Stockholm"]
[Date "2019.11.01"]
[Round "1.1"]
[White "Mirzoev, Emil"]
[Black "Grahn, Vidar"]
[Result "1/2-1/2"]
[WhiteElo "2455"]
[BlackElo "1926"]
[Annotator "TA"]
[PlyCount "71"]
[EventDate "2019.11.01"]
[EventCountry "SWE"]
[SourceTitle "playchess.com"]
[Source "ChessBase"]
[SourceQuality "1"]

{[%evp 9,71,32,35,11,24,6,78,78,72,48,88,60,94,77,85,70,104,27,27,27,39,32,108,106,120,115,112,109,149,108,137,135,166,161,225,222,212,227,309,304,372,342,339,302,439,366,536,441,564,373,551,545,561,559,966,943,1248,1241,1228,1226,1116,1109,1234,883]} 1. b3 e5 2. Bb2 Nc6 3. c4 d6 4. e3 f5 5. d4 (5. a3 a5 6. d3 Nf6 7. Nf3 g6 8. Qc2 Bg7 9. Nbd2 Qe7 10. Be2 Bd7 11. O-O O-O 12. Rac1 Rae8 {0-1 (21) Pereira,H (1779)-Lizarazo,D (1732) Bogota 2019}) 5... Bd7 6. d5 {A01: Nimzowitsch-Larsen Opening} Nce7 7. f4 $146 ({Predecessor:} 7. Nh3 Ng6 8. Qh5 Nf6 9. Qd1 Be7 10. Be2 O-O 11. O-O f4 12. exf4 exf4 {0-1 (24) Meybohm,U-Oertel,D Frankfurt 2001}) 7... e4 (7... Ng6 $11 {keeps the balance.}) 8. Ne2 $16 {White is better.} Ng6 9. Nd4 Nf6 10. Be2 Be7 11. Nc3 O-O 12. Qc2 c5 {[#]} 13. dxc6 ({White should play} 13. Ne6 $1 $16 {[%cal Re6d8]} Bxe6 14. dxe6) 13... bxc6 $11 14. Rd1 Qa5 15. O-O d5 (15... Rab8 $14) 16. cxd5 $16 cxd5 17. a3 {[%cal Ba2a3,Ba3a4,Ba4a5][%mdl 32]} Rac8 18. b4 {[%cal Bb3b4,Bb4b5,Bb5b6][%mdl 32]} Qc7 19. Qb3 Qb7 20. b5 Kh8 21. a4 Bc5 {[#]} (21... Bd8 $142 22. h3 Re8) 22. a5 $1 $18 Bxd4 23. Rxd4 a6 24. b6 Rfd8 25. Rfd1 {[%cal Rc3d5]} Be6 26. Na4 Ne7 (26... Nf8 {might work better.} 27. Qb4 N8d7) 27. R4d2 Rc6 (27... Nd7 $142 28. Bd4 Nc6) 28. Bd4 Rdc8 29. Qb2 Bf7 (29... Neg8 {was necessary.} 30. Nc3 Ra8) 30. Qb4 {White is clearly winning.} Rc1 31. Nc5 Rxd1+ 32. Rxd1 Nc6 33. Nxb7 Nxb4 34. Nd6 {[%mdl 64] Double Attack} Rf8 35. Nxf7+ Rxf7 36. Rc1 {[%mdl 32768] Accuracy: White = 77%, Black = 20%. . An unexpected result.} 1/2-1/2

[Event "Hasselbacken Open 2019"]
[Site "Stockholm"]
[Date "2019.11.01"]
[Round "1.2"]
[White "Nackholm, Erik"]
[Black "Sjodahl, Pontus"]
[Result "0-1"]
[WhiteElo "1898"]
[BlackElo "2441"]
[Annotator "TA"]
[PlyCount "84"]
[EventDate "2019.11.01"]
[EventCountry "SWE"]
[SourceTitle "playchess.com"]
[Source "ChessBase"]
[SourceQuality "1"]

{[%evp 11,84,14,24,-39,-31,-37,-35,-27,8,13,14,18,85,101,105,119,130,26,25,0,0,-79,-72,-102,-93,-85,-93,-110,-110,-101,-108,-103,-96,-124,-117,-113,-122,-195,-185,-195,-195,-218,-224,-231,-217,-243,-240,-267,-242,-235,-229,-285,-241,-243,-250,-359,-345,-326,-337,-501,-498,-496,-482,-499,-493,-493,-487,-458,-439,-472,-474,-1143,-1376,-942,-868]} 1. Nf3 d5 2. d4 Nf6 3. c4 e6 4. Nc3 Bb4 5. Bg5 dxc4 6. e4 c5 7. Bxf6 {D39: Queen's Gambit Declined: Ragozin Defence with 5 Bg5 dxc4} (7. Bxc4 $11 cxd4 {[%mdl 64] Pin} 8. a3 (8. Nxd4 Nbd7 $11) (8. Qxd4 Qxd4 9. Nxd4 Nxe4 $17)) (7. e5 cxd4 8. Nxd4 Bxc3+ 9. bxc3 Qa5 10. exf6 Qxg5 11. fxg7 Qxg7 12. Qd2 O-O 13. Bxc4 Rd8 14. Qe3 Bd7 15. O-O-O Nc6 16. Bb3 Be8 17. Nxc6 Bxc6 18. h4 Qf6 19. Rh3 b5 {½-½ (49) Carlsen,M (2875)-Aronian,L (2752) Zagreb 2019}) 7... Qxf6 $15 8. e5 Qf4 9. Bxc4 {Black is slightly better.} Nc6 {[%cal Rc5d4]} 10. O-O O-O $146 {[%cal Rc6d4]} ({Predecessor:} 10... Nxd4 11. Nxd4 Qxd4 12. Qxd4 cxd4 13. Nb5 Ke7 14. Nxd4 Bd7 {0-1 (57) Ungurs,K (2145)-Beinoras,M (2386) Panevezys 2010}) 11. Ne2 $1 {[%cal Re2f4]} Qg4 (11... Qh6 $1 $11) 12. h3 $16 Qh5 13. Ng3 Qh6 14. dxc5 ({White has to play} 14. a3 $16 Ba5 15. dxc5) 14... Bxc5 $11 {Threatens to win with ...Qf4.} 15. Qe2 Qf4 $36 {[%mdl 2048] aiming for ...Qxg3. Black is more active.} 16. Kh2 {[#]} (16. Nh5 $1 $11 Qh6 17. Ng3) 16... Nd4 $1 $17 {[%cal Rd4e2]} 17. Nxd4 Bxd4 18. Rae1 Bd7 19. Qe4 Qxe4 20. Rxe4 Bxb2 21. Rb1 Ba3 22. f4 Bc6 23. Re3 Bc5 24. Rd3 (24. Re2 $17) 24... Rfd8 $19 25. Rbd1 Rxd3 26. Rxd3 Kf8 27. Ne2 Rc8 28. Nc3 a6 29. a4 Bb4 30. Bb3 Ke7 31. Ne2 Bd7 32. Nd4 Rc1 33. Nf3 (33. h4 {was called for.}) 33... Rc3 34. Rxc3 Bxc3 {[%mdl 4096] Endgame KBB-KBN} 35. g4 (35. Kg3 {was worth a try.}) 35... b5 {Black is clearly winning.} 36. axb5 Bxb5 37. Kg3 a5 {[%cal Ba6a5,Ba5a4][%mdl 32]} 38. Kf2 a4 39. Ba2 a3 40. Ke3 Bc6 41. Nd4 (41. Bb1 $142 Bd5 42. Ng5) 41... Bxd4+ 42. Kxd4 {[#]} Bd5 $1 {[%mdl 512] Accuracy: White = 36%, Black = 88%.} 0-1

[Event "Hasselbacken Open 2019"]
[Site "Stockholm"]
[Date "2019.11.01"]
[Round "1.3"]
[White "Seo, Jung Min"]
[Black "Qwarfort, Fredrik"]
[Result "1-0"]
[WhiteElo "2433"]
[BlackElo "1898"]
[Annotator "TA"]
[PlyCount "71"]
[EventDate "2019.11.01"]
[EventCountry "SWE"]
[SourceTitle "playchess.com"]
[Source "ChessBase"]
[SourceQuality "1"]

{[%evp 12,71,41,18,27,15,58,0,68,64,118,76,89,72,87,72,125,128,186,177,195,193,165,168,199,203,320,137,324,332,294,275,347,210,200,208,204,208,207,192,134,136,118,99,84,92,83,97,79,81,63,-59,77,50,427,427,385,420,409,373,1195,1016]} 1. e4 d6 2. d4 Nf6 3. Nc3 g6 4. f3 Bg7 5. Be3 c6 6. Qd2 b5 7. Nge2 Bb7 {B07: Pirc Defence: Miscellaneous Systems} (7... Nbd7 8. g4 Nb6 9. Ng3 h5 10. gxh5 Nxh5 11. Nxh5 Rxh5 12. Qf2 Na4 13. Nxa4 bxa4 14. O-O-O Rb8 15. c3 a3 16. b3 Be6 {0-1 (34) Kotronias,V (2524)-Saric,I (2648) Moscow 2017}) 8. g4 a5 $146 ({Predecessor:} 8... h5 9. g5 Nfd7 10. f4 Nb6 11. b3 b4 12. Nd1 c5 13. Bg2 N8d7 14. Nf2 a5 15. O-O {½-½ (50) Ivanovic,B (2535)-Bogdanovski,V (2440) Skopje 1991}) 9. h4 (9. g5 $14 Nh5 10. Ng3) 9... Nbd7 (9... h5 $11) 10. h5 $14 b4 ({Black should try} 10... Nb6 $14) 11. Nd1 Nb6 12. Ng3 Qc7 13. Nf2 O-O-O ({Better is} 13... Nfd7) 14. a3 $16 c5 (14... Nfd7 $16 {is a better defense.}) 15. axb4 axb4 16. h6 Bf8 17. c3 bxc3 18. Qxc3 {[%cal Rd4c5]} ({Don't play} 18. bxc3 $6 Nfd7 $16) 18... e6 (18... Rg8 $142 19. Bb5 (19. dxc5 dxc5 20. Bb5 Nfd7 $18) 19... Nfd7 20. dxc5 dxc5) 19. Ba6 (19. dxc5 $18 {has better winning chances.} Nbd7 20. Ra7) 19... e5 $2 (19... Be7 $16) 20. dxe5 dxe5 21. O-O Be7 22. Ra5 Bxa6 23. Rxa6 {And now Rfa1 would win.} Kb7 24. Rfa1 Ra8 25. Qa5 Nfd7 26. Ne2 {Hoping for Nc3.} Rhb8 27. Nc3 $36 {[%mdl 2048] [#] Nb5 is the strong threat. Keeping Black busy.} Kc8 28. Nb5 Rxa6 29. Qxa6+ Qb7 {Strongly threatening ...Qxa6.} 30. Na7+ Kd8 31. Qb5 (31. Qxb7 $1 $14 Rxb7 32. Nc6+ Ke8 33. Nd3) 31... Ke8 (31... Ra8 $1 $15 32. Qa6 (32. Nc6+ Qxc6 33. Qxc6 Rxa1+ 34. Kh2 Re1 $15) 32... Qxa6 33. Rxa6 Ke8) 32. Nc6 {[#] Black must now prevent Ra7.} (32. b4 $5 cxb4 33. Nc6 $16 {[%mdl 64] Double Attack}) 32... Ra8 $2 {[%mdl 8192]} (32... Nc8 $14 33. Qxb7 Rxb7) 33. Rxa8+ $18 Qxa8 34. Nxe7 Kxe7 35. Bxc5+ Nxc5 $2 (35... Ke8 36. Bxb6 Qb7) 36. Qxc5+ {[%mdl 64] Double Attack. Accuracy: White = 51%, Black = 34%.} 1-0

[Event "Hasselbacken Open 2019"]
[Site "Stockholm"]
[Date "2019.11.01"]
[Round "1.4"]
[White "Garner, Marten"]
[Black "Peng, Li Min"]
[Result "0-1"]
[WhiteElo "1889"]
[BlackElo "2454"]
[Annotator "TA"]
[PlyCount "44"]
[EventDate "2019.11.01"]
[EventCountry "SWE"]
[SourceTitle "playchess.com"]
[Source "ChessBase"]
[SourceQuality "1"]

{[%evp 20,52,-22,-18,0,-48,0,5,15,16,18,0,58,0,60,0,15,-207,-195,-341,-348,-479,-455,-516,-452,-470,-325,-544,-536,-729,-759,-927,-922,-1163,-1156]} 1. d4 e6 2. e4 d5 3. e5 c5 4. c3 Qb6 5. Nf3 Nc6 6. a3 Nh6 7. b4 cxd4 8. cxd4 Nf5 9. Bb2 Bd7 10. Be2 Rc8 11. O-O h5 {C02: French: Advance Variation} (11... Be7 12. Kh1 h5 13. Nc3 Na5 14. Na4 Qc6 15. Nc5 Nc4 16. Bc1 b6 17. Nxd7 Kxd7 18. Bd3 Kc7 19. g3 Kb7 {0-1 (57) Areshchenko,A (2684)-Vidit,S (2602) Abu Dhabi 2014}) 12. Qd3 {[#]} Be7 (12... g5 $1 $15 {[%mdl 512]} 13. Rd1 (13. Nxg5 Ncxd4) 13... g4) 13. Nbd2 $11 g5 {Strongly threatening ...g4.The position is equal.} 14. Nb3 $1 g4 15. Ne1 $146 ({Predecessor:} 15. Nfd2 f6 16. b5 Na5 17. Nxa5 Qxa5 18. Nb3 Qb6 19. exf6 Bxf6 {½-½ (60) Varshini,V (1984)-Madhurima,S (2003) Mumbai 2014}) 15... Rg8 (15... a5 $11) 16. g3 (16. Nc2 $14) 16... h4 (16... a5 $11) 17. Ng2 (17. Nc2 $14) 17... hxg3 18. fxg3 $2 (18. hxg3 $11 a5 19. Ne3) 18... Nxe5 $1 $19 19. Qd1 (19. Qb1 {was worth a try.}) 19... Ba4 20. Kh1 Nc4 21. Rc1 Rc6 22. Ba1 Bg5 {Played: Nc4-e3} 0-1

[Event "Hasselbacken Open 2019"]
[Site "Stockholm"]
[Date "2019.11.01"]
[Round "1.5"]
[White "Roshka, Yevgeniy"]
[Black "Jansson, Gilbert"]
[Result "1-0"]
[WhiteElo "2369"]
[BlackElo "1895"]
[Annotator "TA"]
[PlyCount "89"]
[EventDate "2019.11.01"]
[EventCountry "SWE"]
[SourceTitle "playchess.com"]
[Source "ChessBase"]
[SourceQuality "1"]

{[%evp 14,89,0,-6,27,-1,35,0,30,29,25,-11,25,29,52,30,57,22,37,10,6,0,0,0,0,0,4,0,-6,-8,7,9,22,0,110,102,128,99,106,43,31,0,30,22,34,-43,0,0,16,-46,225,222,209,211,214,208,273,249,316,327,308,318,411,411,446,411,411,411,406,397,397,397,529,528,515,483,490,490]} 1. e4 c5 2. Nf3 d6 3. g3 Nf6 4. d3 Nc6 5. Bg2 g6 6. O-O Bg7 7. c3 O-O 8. Re1 Qb6 {A05: Réti Opening: 1 Nf3 Nf6} (8... e5 9. a3 h6 10. b4 b6 11. b5 Ne7 12. c4 a6 13. Nc3 Be6 14. Nd2 Qd7 15. Bb2 Bh3 16. Bh1 Ne8 17. a4 Nc7 {0-1 (34) Amin,B (2704)-Vachier Lagrave,M (2780) Abidjan 2019}) 9. h3 Nd7 10. Nfd2 $146 ({Predecessor:} 10. Nbd2 Nde5 11. Nxe5 Nxe5 12. f4 Nc6 13. Nc4 Qc7 14. g4 e6 15. f5 exf5 16. gxf5 gxf5 17. exf5 Bxf5 {1-0 (59) Schippke,M (1646)-Gagua,N (1458) Hyeres 2019}) 10... Nde5 {The position is equal.} 11. f4 Nd7 $1 12. Nc4 Qc7 13. a4 Na5 14. Ne3 e6 15. Nd2 Rb8 16. Ndc4 Nxc4 17. dxc4 b6 18. Qd3 Nf6 19. Rd1 Rd8 20. Bd2 ({Of course not} 20. e5 Ne8 $15) 20... Bb7 21. Be1 Rd7 22. g4 Rbd8 23. Bh4 e5 (23... h6 $11 {keeps the balance.}) 24. f5 Re8 25. Bf3 h6 26. fxg6 ({White should try} 26. Nd5 $16 Bxd5 27. cxd5) 26... fxg6 $14 27. g5 Nh7 28. gxh6 Bxh6 29. Ng4 (29. Nd5 $14 Bxd5 30. Qxd5+ Rf7 31. Bg4) 29... Bg7 30. Qe3 Rf7 31. Bg2 (31. Rd3 $11) 31... Nf6 $2 {[%mdl 8192] [#]} (31... Bc8 $15 {keeps the upper hand.}) 32. Bxf6 $1 $18 Bxf6 33. Nh6+ Kg7 34. Nxf7 Qxf7 35. Rxd6 Qe7 36. Qd3 Bc8 37. a5 Rd8 38. Rxd8 Qxd8 39. Qxd8 Bxd8 40. axb6 Bxb6 {KRB-KB} 41. Rd1 Be6 42. b3 Kh6 43. Rd6 {White is clearly winning.} Bf7 44. Bf3 Kg5 45. Bg4 {Accuracy: White = 59%, Black = 29%.} 1-0

[Event "Hasselbacken Open 2019"]
[Site "Stockholm"]
[Date "2019.11.01"]
[Round "1.6"]
[White "Dingertz, Erik"]
[Black "Pantzar, Milton"]
[Result "0-1"]
[WhiteElo "1908"]
[BlackElo "2376"]
[Annotator "NA RC"]
[PlyCount "52"]
[EventDate "2019.11.01"]
[EventCountry "SWE"]
[SourceTitle "playchess.com"]
[Source "ChessBase"]
[SourceQuality "1"]
[TimeControl "900+5"]

1. Nf3 {[%emt 0:00:00]} d5 {[%emt 0:00:00]} 2. c4 {[%emt 0:00:00]} e6 {[%emt 0:00:13]} 3. g3 {[%emt 0:00:03]} c6 {[%emt 0:00:07]} 4. Bg2 {[%emt 0:00:02]} b5 {[%emt 0:00:16]} 5. cxb5 {[%emt 0:00:48]} cxb5 {[%emt 0:00:02]} 6. Nc3 {[%emt 0:00:05]} b4 {[%emt 0:00:18]} 7. Nb5 {[%emt 0:00:07]} a6 {[%emt 0:00:46]} 8. Nbd4 {[%emt 0:00:07]} Nf6 {[%emt 0:00:11]} 9. O-O {[%emt 0:00:09]} Bd6 {[%emt 0:00:37]} 10. Qc2 {[%emt 0:01:53]} O-O {[%emt 0:00:12]} 11. a3 {[%emt 0:00:31]} e5 {[%emt 0:01:56]} 12. Nb3 {[%emt 0:00:58]} bxa3 {[%emt 0:00:29]} 13. bxa3 {[%emt 0:00:03]} Bd7 {[%emt 0:00:31]} 14. Bb2 {[%emt 0:00:09]} Qe7 {[%emt 0:00:11]} 15. d4 {[%emt 0:01:02]} e4 {[%emt 0:01:07]} 16. Ne5 {[%emt 0:00:02]} Rc8 {[%emt 0:00:05]} 17. Qd2 {[%emt 0:01:13]} Nc6 {[%emt 0:00:03]} 18. Nxd7 {[%emt 0:00:22]} Nxd7 {[%emt 0:00:10]} 19. Rfc1 {[%emt 0:01:03]} Nb6 {[%emt 0:00:24]} 20. Nc5 {[%emt 0:00:32]} f5 {[%emt 0:01:09]} 21. e3 {[%emt 0:01:30]} Nc4 {[%emt 0:00:08]} 22. Qc3 {[%emt 0:00:39]} Rab8 {[%emt 0:01:40]} 23. Rab1 {[%emt 0:00:06]} N6a5 {[%emt 0:00:04]} 24. Nxa6 {[%emt 0:00:38]} Rb3 {[%emt 0:00:52]} 25. Qe1 {[%emt 0:00:14]} Qb7 {[%emt 0:00:16]} 26. Rxc4 {[%emt 0:00:26]} Nxc4 {[%emt 0:00:11]} 0-1

[Event "Hasselbacken Open 2019"]
[Site "Stockholm"]
[Date "2019.11.01"]
[Round "1.7"]
[White "Bogdanov, Egor"]
[Black "Helin, Mikael"]
[Result "1-0"]
[WhiteElo "2409"]
[BlackElo "1904"]
[Annotator "TA"]
[PlyCount "145"]
[EventDate "2019.11.01"]
[EventCountry "SWE"]
[SourceTitle "playchess.com"]
[Source "ChessBase"]
[SourceQuality "1"]

{[%evp 11,145,25,48,43,60,35,54,33,42,48,56,52,86,49,123,110,202,59,74,60,68,62,66,64,65,66,66,62,62,31,65,71,64,63,75,58,123,109,104,93,98,91,91,90,90,82,81,71,90,86,83,87,88,83,278,245,267,214,273,266,264,259,300,264,283,291,356,214,220,219,227,203,199,181,272,280,283,288,266,256,285,232,284,276,296,297,660,650,561,477,667,667,602,515,604,608,601,557,12844,12845,12847,12845,12847,12847,12850,12847,12847,12846,12851,12851,12851,12851,12851,12851,12851,12851,12851,12851,12851,12851,12851,27999,12851,12851,12851,27999,12851,27999,12851,27999,12851,12851,12851,12851,12851,27999]} 1. e4 d6 2. d4 Nf6 3. Nc3 Nbd7 4. Nf3 e5 5. Bc4 Be7 6. O-O h6 7. a4 {C41: Philidor Defence} (7. Qe2 c6 8. a4 Qc7 9. Rd1 Nf8 10. a5 g5 11. b4 Ng6 12. b5 O-O 13. a6 Rb8 14. axb7 Bxb7 15. Be3 Ng4 16. Bd2 Nf6 {1-0 (49) Telepnev,I (2474)-Vandermeulen,B (2568) ICCF email 2012}) 7... a5 8. Qe2 c6 9. h3 {White is slightly better.} Qc7 10. Be3 Nf8 11. Rad1 N6d7 $146 ({Predecessor:} 11... g5 12. Nh2 Ng6 13. g4 O-O {1-0 (41) Walley,A-Openshaw,D (1839) Bournemouth 2016}) 12. d5 g5 ({Black should try} 12... Ng6 $14) 13. Ba2 Nb6 {[#]} (13... c5 $16 {is a better defense.} 14. Nd2 Ng6) 14. Nd2 ({White must play} 14. Nxe5 $1 $18 dxe5 15. Qf3 (15. d6 Bxd6 16. Bxb6 Qe7 $16)) 14... Ng6 $14 15. Nc4 Nxc4 16. Qxc4 {aiming for Nb5!} c5 17. Nb5 Qd7 18. Qe2 $36 {[%mdl 2048] White has good play.} Nf4 19. Bxf4 gxf4 20. Bc4 Kf8 21. Qh5 Bg5 22. Be2 Qe7 23. Bg4 Qf6 (23... Bxg4 $14 24. hxg4 (24. Qxg4 Rg8 $14) 24... c4) 24. Rd3 {[%cal Bd1d3,Bd3b3,Bb3b5][%mdl 32]} Bxg4 25. Qxg4 Rd8 26. Rb3 h5 27. Qf3 Rd7 28. Na3 {[%cal Bb5a3,Ba3c4,Bc4d6][%mdl 32]} Qg6 29. Nc4 {Rb6 is the strong threat.} Bd8 30. Rb5 Rg8 31. Re1 ({Inferior is} 31. Nxa5 f5 $17) 31... f6 32. Kf1 Rdg7 $2 (32... h4 $16 {was necessary.}) 33. Nxd6 $18 b6 34. Ke2 Qxg2 35. Qxg2 Rxg2 36. Nb7 Ke8 37. Nxd8 Kxd8 38. Rxb6 {[%mdl 4096] Endgame KRR-KRR} R8g3 39. Rxf6 Rxh3 40. Rd6+ Kc7 41. Rc6+ Kd7 42. Rxc5 Rhh2 (42... Re3+ $142 43. Kf1 Rg1+ 44. Kxg1 Rxe1+ 45. Kg2 Rxe4) 43. Rf1 Rh3 44. Rxa5 Re3+ 45. Kd2 Rxe4 46. c3 Re3 47. Ra7+ Kd6 48. a5 {[%cal Ba4a5,Ba5a6][%mdl 32]} h4 $2 (48... Rf3 49. c4 Rgxf2+ 50. Rxf2 Rxf2+ 51. Kc3 Rf1 52. Ra6+ Kc7 53. Rc6+ Kb7) 49. a6 e4 50. Rh7 {[#] And now a7 would win.} Rd3+ 51. Kc2 Rxd5 52. Rxh4 e3 53. Rxf4 Rd2+ 54. Kb3 Rdxf2 55. R1xf2 Rxf2 {KR-KR} 56. Re4 e2 57. a7 Rf8 58. Rxe2 Ra8 59. Kc4 Rxa7 60. b4 Rc7+ 61. Kd4 Rh7 62. Re4 Rb7 63. Rh4 Rb8 64. Rh6+ Kd7 65. Kd5 Rb5+ 66. Kc4 Rg5 67. b5 {[%cal Bb4b5,Bb5b6][%mdl 32]} Kc7 68. Kb4 Kb7 69. c4 Rg1 70. Rh7+ Kc8 71. b6 {White is clearly winning.} Kb8 72. Kb5 Rb1+ 73. Kc6 {Accuracy: White = 74%, Black = 38%.} 1-0

[Event "Hasselbacken Open 2019"]
[Site "Stockholm"]
[Date "2019.11.01"]
[Round "1.8"]
[White "Berg Laachiri, Susanna"]
[Black "Vasli, Aref"]
[Result "0-1"]
[WhiteElo "1887"]
[BlackElo "2348"]
[Annotator "TA"]
[PlyCount "62"]
[EventDate "2019.11.01"]
[EventCountry "SWE"]
[SourceTitle "playchess.com"]
[Source "ChessBase"]
[SourceQuality "1"]

{[%evp 15,100,19,37,4,6,8,60,43,35,23,19,28,46,45,37,10,12,15,32,17,33,16,16,12,16,-29,-17,-33,-33,-42,-40,-83,-82,-150,-101,-347,-331,-316,-234,-415,-157,-151,-133,-148,-153,-151,-131,-136,-143,-151,-131,-162,-162,-162,-167,-152,-163,-201,-212,-192,-193,-230,-229,-240,0,-138,0,-236,-105,-175,-148,-152,-142,-271,-271,-270,-271,-268,-259,-222,-244,-281,-275,-539,-528,-5214,-5096]} 1. e4 e5 2. Nf3 Nc6 3. Nc3 Nf6 4. d4 exd4 5. Nxd4 Bb4 6. Nxc6 bxc6 7. Bd3 d6 8. O-O Ng4 9. Qf3 {C47: Scotch Four Knights and Four Knights with 4 g3} O-O 10. Qg3 (10. Ne2 Bc5 11. Qg3 Kh8 12. h3 Ne5 13. Be3 Bxe3 14. Qxe3 c5 15. Nc3 Rb8 16. b3 f5 {0-1 (58) Potapov,P (2516)-Anton Guijarro,D (2642) Skopje 2018}) 10... Bc5 $146 (10... Qf6 $11) ({Predecessor:} 10... Qf6 11. Be2 Ne5 12. Bg5 Qe6 13. f4 Bc5+ 14. Kh1 Ng4 15. f5 Nf2+ 16. Rxf2 Bxf2 17. Qxf2 {1-0 (44) Dawson,E-Davidson,L (1453) Glasgow 2016}) 11. Be2 {White is slightly better.} Ne5 12. Be3 (12. Na4 {is more complex.} Bb6 13. b4 f5 14. exf5 Bxf5 15. Bb2) 12... Bxe3 13. Qxe3 Qf6 14. f3 Be6 15. a3 a5 16. b3 {And now f4 would win.} Rfe8 17. Rad1 Nd7 18. Qd2 Nb6 19. f4 a4 20. f5 Bd7 {next ...axb3 is good for Black.} 21. b4 Re5 22. Bd3 Rae8 23. Rde1 c5 24. Qf2 ({White should try} 24. bxc5 Rxc5 25. Nd5 Nxd5 26. exd5) 24... Bc6 25. Nd5 $2 (25. Bb5 $17 {keeps fighting.} Bxb5 26. Nxb5) 25... Bxd5 $19 (25... Nxd5 26. exd5 Rxe1 27. Rxe1 $17) 26. exd5 cxb4 (26... Nxd5 27. Rxe5 Qxe5 28. bxc5 $17) 27. axb4 $2 (27. Ra1 {is a better defense.}) 27... Nxd5 $2 (27... Rxe1 $19 {and Black stays clearly on top.} 28. Rxe1 Rxe1+ 29. Qxe1 h6) 28. Bb5 $17 Rxe1 29. Rxe1 Rxe1+ 30. Qxe1 {[%cal Re1e8]} Qd4+ 31. Kh1 {[%cal Re1e8]} h5 {Played: Nd5-e3} 0-1

[Event "Hasselbacken Open 2019"]
[Site "Stockholm"]
[Date "2019.11.01"]
[Round "1.9"]
[White "Akesson, Ralf"]
[Black "Saterli, Johnny"]
[Result "1-0"]
[WhiteElo "2370"]
[BlackElo "1877"]
[Annotator "TA"]
[PlyCount "69"]
[EventDate "2019.11.01"]
[EventCountry "SWE"]
[SourceTitle "playchess.com"]
[Source "ChessBase"]
[SourceQuality "1"]

{[%evp 9,69,23,29,12,12,19,20,14,29,23,72,70,100,61,69,53,65,63,74,64,311,318,318,301,313,298,313,316,314,320,312,314,484,494,487,485,515,515,504,512,602,589,595,583,585,576,577,529,509,472,540,546,587,522,612,606,628,622,826,809,1133,776]} 1. Nf3 Nf6 2. c4 c6 3. e3 d5 4. d4 e6 5. b3 Bd6 (5... c5 6. Bb2 cxd4 7. exd4 dxc4 8. bxc4 Qa5+ 9. Nbd2 Ba3 10. Qc1 Bxb2 11. Qxb2 Nc6 12. Be2 Qb4 13. O-O-O {½-½ (57) Short,N (2698)-Duda,J (2706) Heraklio 2017}) 6. Bb2 {D30: Queen's Gambit Declined: Systems without Nc3} O-O 7. Bd3 Nbd7 8. Nbd2 {[%cal Bb1d2,Bd2e4,Be4g5,Bg5f7,Bf7d8,Bd8b7,Bb7c5][%mdl 32] The position is equal.} Re8 9. Ne5 Nf8 10. O-O N6d7 11. Nxd7 Bxd7 12. e4 dxe4 $146 ({Predecessor:} 12... f6 13. e5 Bc7 14. Nf3 f5 15. Bc1 Qe7 16. a4 Bd8 17. Qd2 Qf7 18. Ng5 {½-½ (18) Todor,R (2220)-Hacik,R (2250) Slovakia 2001}) 13. Nxe4 Bc7 14. Qh5 Ng6 $2 {[#]} (14... f5 $14) 15. Ng5 $1 $18 h6 {[#]} 16. Nxf7 $1 {[%mdl 512]} Nf4 (16... Kxf7 17. Qxg6+) 17. Nxd8 {Hoping for Qf7+.} Nxh5 18. Nxb7 Nf4 19. Be4 {aiming for Nc5.} e5 20. Rfe1 Rab8 (20... exd4 {was called for.} 21. Bxd4 Ne6) 21. Nc5 {White is clearly winning.} Bg4 22. f3 Bh5 23. Bxc6 Red8 24. g3 Nh3+ 25. Kg2 Ng5 26. h4 Rb6 27. Bd5+ Rxd5 28. cxd5 Nxf3 29. dxe5 Nxe1+ 30. Rxe1 Rb5 31. Rc1 Bb6 32. Bd4 Rb4 33. Bf2 Rb5 34. e6 Bg6 35. d6 {Accuracy: White = 72%, Black = 40%.} 1-0

[Event "Hasselbacken Open 2019"]
[Site "Stockholm"]
[Date "2019.11.01"]
[Round "1.10"]
[White "Adolfsson, Kjell"]
[Black "Sorensen, Hampus"]
[Result "0-1"]
[WhiteElo "1899"]
[BlackElo "2330"]
[Annotator "TA"]
[PlyCount "56"]
[EventDate "2019.11.01"]
[EventCountry "SWE"]
[SourceTitle "playchess.com"]
[Source "ChessBase"]
[SourceQuality "1"]

{[%evp 9,56,-27,12,-43,-41,-54,-37,-59,-30,-147,-129,-183,-116,-208,-209,-260,-246,-261,-239,-263,-239,-233,-220,-292,-293,-323,-320,-304,-316,-320,-279,-379,-369,-378,-327,-355,-330,-408,-393,-391,-401,-495,-460,-602,-598,-567,-582,-857,-854]} 1. Nc3 d5 2. e4 dxe4 3. Nxe4 Nd7 4. f4 (4. d4 Ngf6 5. Bd3 Nxe4 6. Bxe4 Nf6 7. Bf3 c6 8. Ne2 Bg4 9. Bxg4 Nxg4 10. h3 Nf6 11. c4 e6 12. O-O {½-½ (55) Mamedyarov,S (2801)-Giri,A (2782) chess.com INT 2018}) 4... Ngf6 5. Nf2 g6 6. d4 $146 {A00: Irregular Openings} ({White should try} 6. g3 $11) ({Predecessor:} 6. g3 Bg7 7. Bg2 O-O 8. Nf3 c5 9. O-O Qc7 10. d3 b6 11. Nh4 Bb7 12. Bxb7 Qxb7 {0-1 (41) Porth,H (2275)-Maljutin,E (2495) Neuwied 1994}) 6... Bg7 7. Bd3 O-O 8. Nf3 {Black is slightly better.} c5 9. Bd2 (9. c3 $11) 9... cxd4 $17 10. Nxd4 (10. Bc4 $17 {is a better defense.}) 10... Nc5 ({Black should play} 10... e5 $19 11. Nb3 Re8 12. fxe5 Nxe5) 11. Bc3 (11. c3 $17) 11... Nd5 $19 {[#] Hoping for ...Ne3.} 12. Qf3 Na4 13. O-O Naxc3 14. bxc3 Nxc3 15. Nb3 Qc7 16. a4 Bd7 17. a5 Bc6 18. Qg3 Nd5 19. Rae1 Qxf4 20. Ne4 Qxg3 21. Nxg3 e6 22. Ne4 Nb4 23. Nec5 Nxd3 24. Nxd3 Rac8 25. Nb4 Ba4 {Black is clearly winning.} 26. Rf3 Rc4 27. Nd3 Rxc2 28. Nbc5 Bd4+ {[%mdl 64] Double Attack. Accuracy: White = 16%, Black = 83%.} 0-1